| 000 | 00536nam a22001937a 4500 | ||
|---|---|---|---|
| 999 |
_c5855 _d5855 |
||
| 003 | GBCCL | ||
| 005 | 20241126110551.0 | ||
| 008 | 180411b ||||| |||| 00| 0 eng d | ||
| 020 | _a8170113180 | ||
| 040 | _cgbc | ||
| 082 |
_a508.092 _bSAL |
||
| 100 |
_aSalwi, Dalip M. _910600 |
||
| 245 |
_aOur Scientists / _cDalip M. Salwi |
||
| 250 | _aReprinted | ||
| 260 |
_aNew Delhi: _bChildren's Book Trust, _c1989 |
||
| 300 |
_a139 p.; _bill.; _c21 cm. |
||
| 650 |
_aScientists _zIndia _vBiography _xJuvenile literature _910601 |
||
| 942 |
_2ddc _cBK |
||